000
00220 a2200097 4500
001
49508
100
_a
Lamb
245
_a
Valiant deeds in life literature
260
_a
London
_b
George G harrap
_c
090
_c
32038
_d
32038
942
_a
NUST-CAE
_c
M
_c
24490
999
_c
284581
_d
284581